Datum a čas kvízu
28.5
Celkem bodů
Celkový počet nahraných bodů na tomto kvízu bez doplňovacích otázek.
6.
Pořadí na kvízu
Konečné umístění týmu na tomto kvízu.
Zaznamenané odpovědi
| # | Otázka | Odpověď | Body | Výsledky |
|---|---|---|---|---|
| 1. | Státní zemědělská a potravinář... | o pálivé chipsy (lupínky) | 1 | |
| 2. | Ve kterém evropském státě se m... | v Nizozemsku | 1 | |
| 3. | Ve čtvrtek měl premiéru americ... | Ridley Scott, Joaquin Phoenix | 1 | |
| 4. | Který výrobce nealko nápojů vs... | Kofola | 1 | |
| 5. | Německá fotbalová reprezentace... | Rakousko, 2:0 | 1 | |
| 6. | Střední Asií budeme mít na mys... | Taškent | 0 | |
| 7. | Ač jsou některé státy Střední... | 1D 2C 3B 4A | 1 | |
| 8. | Ve snaze o zavlažení polí pro... | Aralské jezero | 0 | |
| 9. | Z Buchary, která se dnes nachá... | Avicenna | 0 | |
| 10. | Ve kterém státě se nachází měs... | Tádžikistán | 0 |